LDR 00714naa#a2200181#i#450# 001 RU\\bibl\119396 005 20260426101505.7 011 ## _a2782-4586 100 ## _a20260331b2026####ek#y0rusy0150####ca 102 ## _aRU 200 1# _aМаркетинговые стратегии китайских автодилеров на российском рынке в условиях санкционного давления _eЖурнальная статья 210 1# _aМосква _cУниверситет ИТБО _d2026 215 ## _a6 с. 608 ## _aЖурнальная статья _2local 675 ## _aМаркетинг. 339.138 _z 700 #1 _aКетоева _gН. Л. 700 #1 _aКрюков _gК. С. 856 4# _ajomeam.ru _u